Statistics for Unusual Nationalities

Click here to take the quiz!

General Stats

  • This quiz has been taken 69 times
  • The average score is 26 of 51

Answer Stats

CountryNationality% Correct
FinlandFinn
91%
FranceFrench(person)
89%
GreeceGreek
89%
IrelandIrish(person)
81%
NetherlandsDutch
79%
NorwayNorwegian
79%
CyprusCypriot
75%
DenmarkDane
75%
PeruPeruvian
75%
New ZealandNew Zealander
74%
PolandPole
74%
SwitzerlandSwiss
74%
ArgentinaArgentine
72%
United StatesAmerican
70%
BahamasBahamian
70%
PhilippinesFilipino
68%
SpainSpaniard
68%
WalesWelsh
68%
MyanmarBurmese
64%
IcelandIcelander
64%
MontenegroMontenegrin
60%
SloveniaSlovene
58%
GreenlandGreenlander
53%
KosovoKosovar
53%
MonacoMonégasque
53%
PanamaPanamanian
53%
EswatiniliSwati
51%
LiechtensteinLiechtensteiner
47%
United KingdomBriton
45%
United Arab EmiratesEmirati
45%
Hong KongHong Konger
45%
LuxembourgLuxembourger
45%
Ivory CoastIvoirian
43%
MadagascarMalagasy
43%
Isle of ManManx(person)
40%
BotswanaMotswana
36%
SeychellesSeychellois
36%
LesothoMosotho
34%
VanuatuNi-Vanuatu
32%
NigerNigerien
30%
El SalvadorSalvadoran
28%
Equatorial GuineaEquatoguinean
26%
Burkina FasoBurkinabe
25%
MozambiqueMozambican
21%
San MarinoSammarinese
21%
Guinea-BissauBissau-Guinean
13%
KiribatiI-Kiribati
13%
Saint Kitts and NevisKittitian, Nevisian
13%
GuamGuamanian
11%
SurinameSurinamer
11%
RéunionRéunionnais
8%

Score Distribution

Percentile by Number Answered

Percent of People with Each Score

Your Score History

You have not taken this quiz